Studia europejskie nowe uwarunkowania funkcjonowania UE-27

Saved in:
Bibliographic Details
Other Authors: Małuszyńska, Ewa
Format: Book
Language:Polish
English
Published: Poznań Wydawnictwo Uniwersytetu Ekonomicznego w Poznaniu 2009
Series:Zeszyty naukowe 119
Subjects:
Tags: Add Tag
No Tags, Be the first to tag this record!

MARC

LEADER 00000nam$a2200000$$$4500
001 0107944
005 20230120103813.7
020 |a 978-83-7417-404-6 
022 |a 1689-7374 
041 0 |a pol 
041 0 |a eng 
044 |a PL 
245 1 0 |a Studia europejskie  |b nowe uwarunkowania funkcjonowania UE-27  |c redaktor naukowy Ewa Małuszyńska 
264 1 |a Poznań  |b Wydawnictwo Uniwersytetu Ekonomicznego w Poznaniu  |c 2009 
300 |a 164 s. 
490 1 |a Zeszyty naukowe  |v 119 
830 0 |a Zeszyty naukowe  |v 119 
610 2 0 |a Európska únia 
610 2 0 |a integrácia 
610 2 0 |a lobizmus 
610 2 0 |a politika štruktúrna 
610 2 0 |a politika peňažná 
610 2 0 |a Rusko 
610 2 0 |a Poľsko 
700 1 |a Małuszyńska, Ewa